Science Olympiad Division C Events - Statistics

General Stats
  • This quiz has been taken 21 times
  • The average score is 18 of 23
Answer Stats
Answer % Correct
Astronomy
94%
Chem Lab
94%
Anatomy and Physiology
89%
Bungee Drop
83%
Dynamic Planet
83%
Electric Vehicle
83%
Microbe Mission
83%
Robot Tour
83%
Air Trajectory
78%
Codebusters
78%
Disease Detectives
78%
Entomology
78%
Forensics
78%
Geologic Mapping
78%
Tower
78%
Write It Do It
78%
Ecology
72%
Experimental Design
72%
Fossils
72%
Helicopter
72%
Materials Science
67%
Wind Power
61%
Optics
56%
No matching quizzes found
Score Distribution
Percent of People with Each Score
Percentile by Number Answered
Your Score History
You have not taken this quiz